|
|
|
|
| LEADER |
01464nam a2200385 a 4500 |
| 001 |
EBC1331861 |
| 003 |
MiAaPQ |
| 005 |
20200520144314.0 |
| 006 |
m o d | |
| 007 |
cr cn||||||||| |
| 008 |
130214s2014 enkad sb 001 0 eng d |
| 010 |
|
|
|z 2013000365
|
| 020 |
|
|
|z 9780415681070 (hbk)
|
| 020 |
|
|
|a 9780203754528 (electronic bk.)
|
| 035 |
|
|
|a (MiAaPQ)EBC1331861
|
| 035 |
|
|
|a (Au-PeEL)EBL1331861
|
| 035 |
|
|
|a (CaPaEBR)ebr10740582
|
| 035 |
|
|
|a (CaONFJC)MIL507968
|
| 035 |
|
|
|a (OCoLC)855504010
|
| 040 |
|
|
|a MiAaPQ
|c MiAaPQ
|d MiAaPQ
|
| 043 |
|
|
|a a-cc---
|
| 050 |
|
4 |
|a HC427.95
|b .W3682 2014
|
| 082 |
0 |
4 |
|a 330.951
|2 23
|
| 100 |
1 |
|
|a Wang, Yongqin.
|
| 245 |
1 |
0 |
|a Demystifying the Chinese miracle
|h [electronic resource] :
|b the rise and future of relational capitalism /
|c Yongqin Wang.
|
| 260 |
|
|
|a Abingdon, Oxon :
|b Routledge,
|c 2014.
|
| 300 |
|
|
|a xiv, 127 p. :
|b ill.
|
| 490 |
0 |
|
|a Routledge studies in the modern world economy ;
|v 117
|
| 504 |
|
|
|a Includes bibliographical references and index.
|
| 533 |
|
|
|a Electronic reproduction. Ann Arbor, MI : ProQuest, 2015. Available via World Wide Web. Access may be limited to ProQuest affiliated libraries.
|
| 650 |
|
0 |
|a Organizational change
|z China
|x History
|y 21st century.
|
| 651 |
|
0 |
|a China
|x Economic conditions
|y 2000-
|
| 655 |
|
4 |
|a Electronic books.
|
| 710 |
2 |
|
|a ProQuest (Firm)
|
| 856 |
4 |
0 |
|u https://ebookcentral.proquest.com/lib/matrademy/detail.action?docID=1331861
|z Click to View
|